| 000 | 01387cam a2200289 a 4500 | ||
|---|---|---|---|
| 001 | 1489 | ||
| 005 | 20251007085452.0 | ||
| 020 | _a0060256672 | ||
| 020 | _a9780060256678 | ||
| 020 | _a0060256680 | ||
| 020 | _a9780060256685 | ||
| 040 |
_aMUS _beng _cMUS _dNXA _dHT# _dBAKER _dXXH _dKEU _dZXC _dOCLCF _dDLC |
||
| 050 | 0 | 0 |
_aPS3569.I47224 _bW48 2002 |
| 082 | 0 | 0 |
_a811/.54 _223 |
| 100 | 1 | _aSilverstein, Shel. | |
| 245 | 1 | 0 |
_aWhere the sidewalk ends : _bthe poems & drawings of Shel Silverstein. |
| 246 | 3 | 0 | _aPoems & drawings of Shel Silverstein |
| 260 |
_aNew York : _bHarperCollinsPublishers, _c2002 |
||
| 300 |
_a166 pages : _billustrations ; _c23 cm. |
||
| 520 | _aA boy who turns into a TV set and a girl who eats a whale are only two of the characters in a collection of humorous poetry illustrated with the author's own drawings. Come in - for where the sidewalk ends, Shel Silverstein's world begins. The Unicorn and the Bloath live there, and so does Sarah Cynthia Sylvia Stout who will not take the garbage out. It is a place where you wash your shadow and plant diamond gardens, a place where shoes fly, sisters are auctioned off, and crocodiles go to the dentist. | ||
| 521 | _aNP | ||
| 650 | 0 | _aHumorous poetry, American. | |
| 650 | 0 | _aChildren's poetry, American. | |
| 650 | 1 | _aHumorous poetry. | |
| 906 |
_a7 _bcbc _ccopycat _d2 _encip _f20 _gy-gencatlg |
||
| 942 |
_2ddc _cBK _n0 |
||
| 999 |
_c1489 _d1489 |
||